| 000 | 00909nam a22002417a 4500 | ||
|---|---|---|---|
| 008 | 240605b mp ||||| |||| 00| 0 mon d | ||
| 020 | _a978-99973-1-606-6 | ||
| 035 | _a25542 | ||
| 040 |
_aHE0623081 _bmon _cMN-UlNLM _dMN-UlNLM _erda |
||
| 041 | _amon | ||
| 042 | _a59380 | ||
| 084 |
_2NNA _a30я6 _bИ.622 |
||
| 100 | _aХант Э. | ||
| 245 | 0 | _aИнженерчлэл | |
| 264 |
_aУБ. _bМонсудар хэвлэлийн газар _c2021 |
||
| 300 | _a64х. | ||
| 336 |
_2rdacontent _atext _btxt |
||
| 337 |
_2rdamedia _aunmediated _bn |
||
| 338 |
_2rdacarrier _avolume _bnc |
||
| 650 | _aЭйфелийн цамхаг хэр өндөр, Леонардо да Винчи нисдэг машин зохион бүтээсэн, инженерүүд ирээдүйн хоол хүнсийг хэрхэн төсөөлдөг, га... | ||
| 942 |
_2NNA _cBK |
||
| 999 |
_c895223 _d895280 |
||